000 01701cam a22003131 4500
001 gs 67000049
003 DLC
005 20260227111420.0
008 860114s1960 fr abf b 000 0 fre c
010 _ags 67000049
035 _a(OCoLC)13016913
040 _aU.S. Geol. Survey. Libr.
_cTxHR
_dOCoLC
_dDLC
042 _apremarc
050 0 0 _aQE1
_b.S7 n.s. no. 89
100 1 _aLapparent, Albert F. de,
_d1905-1975.
245 1 0 _aLiminaire /
_cpar A.F. de Lapparent. La subsidence du récif campanien de Vigny (Seine-et-Oise) / par René Marlière. Le Bois des Roches à Vigny : contribution á l'étude morphologique et descriptive du complexe récifal / par Pierre Desmidt.
260 _aParis :
_bSociété géologique de France,
_c1960.
300 _a42 p., [5] leaves of plates :
_bill., maps ;
_c33 cm.
440 0 _aMémoires de la Société géologique de France ;
_vnouv. sér. mémoire no. 89
500 _aEach plate accompanied by leaf with descriptive letterpress.
501 _aWith: Contribution à l'étude de Pityostrobus oblongus (Fliche sp.) appareil femelle d'un conifère Albien de l'Argonne / par Christiane Louvel -- Le dome gneissique de l'Agout (Tarn et Hérault) / par Roelof Schuiling. Paris : Société géologique de France, 1960. Bound together subsequent to publication.
_5DLC
650 0 _aGeology, Stratigraphic
_yCretaceous.
650 0 _aGeology
_zFrance
_zSeine-et-Oise.
650 0 _aReefs.
700 1 _aMarlière, René.
_tSubsidence du récif campanien de Vigny (Seine-et-Oise).
700 1 _aDesmidt, Pierre.
_tBois des Roches à Vigny.
740 0 _aSubsidence du récif campanien de Vigny (Seine-et-Oise).
740 0 _aBois des Roches à Vigny.
999 _c30291
_d30291